• 首页
  • 本馆介绍
  • 公告通知
  • 最新文献
  • 馆藏检索
  • 电子资源
  • 读者导购
  • 参考咨询
  • 我的图书馆
  • 登录
  • 详细信息显示
  • 放入我的书架
  • 预约/预借图书
  • 作者相关作品
  • 分类相关作品
  • 丛书相关作品
  • 出版社相关作品

书目信息

  • 表格格式
  • 工作单格式
  • 卡片格式
题名:
无线射频识别技术(RFID)理论与应用
    
 
作者: 游战清 编著
分册:  
出版信息: 北京   电子工业出版社  2005
页数: 11, 285页
开本: 24cm
丛书名:
单 册:
中图分类: TN911.23
科图分类:
主题词: 无线电信号 , 射频 , 无线电信号--射频--信号识别 , 信号识别
电子资源:
ISBN: 7-121-00326-0
000 00875nam0 2200253 450
001 07079000281
005 20070721135455.64
010    @a7-121-00326-0@dCNY29.00
100    @a20040802d2005 em y0chiy0110 ea
101 0  @achi
102    @aCN@b110000
105    @aa z 000yy
200 1  @a无线射频识别技术(RFID)理论与应用@Awu xian she pin shi bie ji shu (RFID) li lun yu ying yong@f游战清等编著
210    @a北京@c电子工业出版社@d2005
215    @a11, 285页@c图@d24cm
330    @a本书主要介绍了无线射频识别技术的基本工作原理和具体应用,并列举了大量的应用实例,如动物识别管理、配送中心管理、矿井管理、停车场管理、军事物流运用等。
606 0  @a无线电信号
606 0  @a射频
606 0  @a无线电信号@x射频@x信号识别
606 0  @a信号识别
690    @aTN911.23@v4
701  0 @a游战清@Ayou zhan qing@4编著
801  0 @aCN@bNLC@c20070721
905    @a10447@dTN911.23@e101
    
    无线射频识别技术(RFID)理论与应用/游战清等编著.-北京:电子工业出版社,2005
    11, 285页:图;24cm
    
    
    ISBN 7-121-00326-0:CNY29.00
    本书主要介绍了无线射频识别技术的基本工作原理和具体应用,并列举了大量的应用实例,如动物识别管理、配送中心管理、矿井管理、停车场管理、军事物流运用等。
●
相关链接 在E读中查询图书 在五车中查询图书 在当当中查询图书 在豆瓣中查询图书


正题名:无线射频识别技术(RFID)理论与应用     索取号:TN911.23/101         预约/预借

序号 登录号 条形码 馆藏地/架位号 状态 备注
1 0822422   208224223   第二样本阅览室/ [索取号:TN911.23/101] 在馆    
2 0822423   208224232   第三借阅区/ [索取号:TN911.23/101] 在馆    
3 0822424   208224241   第三借阅区/ [索取号:TN911.23/101] 在馆    
4 0822425   208224250   第三借阅区/ [索取号:TN911.23/101] 在馆    
5 0822426   208224269   第三借阅区/ [索取号:TN911.23/101] 在馆    
唐山师范学院图书馆 欢迎您!
大连网信软件有限公司© 版权所有